000 00806nas a2200265 4500
001 BR8801192
003 BR-BrBNA
005 20231205091050.0
007 ta
008 230509b bl.|||p| |||| 00| 00por d
040 _aBR-BrBNA
_bpor
_cBiblioteca Nacional de Agricultura
041 _a(En)
072 _aL40; M12
100 1 _aBrentegani, L.G.
100 1 _aLopes, O.V.P.
100 1 _aNuti Sobrinho, A.
100 1 _aSala, M.A.
100 1 _aLopes, R.A.
245 1 _aLength-weight relationship of the anchorey Lycengraulis grossidens Agassiz 1829 (Pisces, Engraulidae)
650 _aENCHOVA
650 _aMORFOLOGIA ANIMAL
773 0 _tArs Veterinaria (Brazil)
_xISSN 0102-6380
_g(1986), v. 2(2) p. 199-203
_wBR8801192
909 _a202311
_bLúcia
_c55
_dLúcia Elande
942 _2AGRIS
_n0
_cANA
999 _c122523
_d122523